Schauspieler, die mit Chris Columbus zusammengearbeitet haben - Statistiken

Allgemein
  • Dieses Quiz wurde 16 mal gespielt
  • Das Durchschnittsergebnis liegt bei 16 aus 72
Antwortstatistiken
Film Schauspieler/in % Korrekt
Harry Potter und der Stein der Weisen, Harry Potter und die Kammer des Schreckens Emma Watson
93%
Mrs. Doubtfire – Das stachelige Kindermädchen, Nine Months, Der 200 Jahre Mann Robin Williams
93%
Harry Potter und der Stein der Weisen, Harry Potter und die Kammer des Schreckens Daniel Radcliffe
71%
Harry Potter und der Stein der Weisen, Harry Potter und die Kammer des Schreckens Rupert Grint
71%
Kevin – Allein zu Haus, Kevin – Allein in New York, Mama, ich und wir zwei Macaulay Culkin
64%
Harry Potter und der Stein der Weisen, Harry Potter und die Kammer des Schreckens Maggie Smith
64%
Harry Potter und der Stein der Weisen, Harry Potter und die Kammer des Schreckens Alan Rickman
50%
Kevin – Allein zu Haus, Kevin – Allein in New York Joe Pesci
50%
Harry Potter und der Stein der Weisen, Harry Potter und die Kammer des Schreckens Robbie Coltrane
43%
Pixels Adam Sandler
36%
Pixels Kevin James
36%
Percy Jackson – Diebe im Olymp Logan Lerman
36%
Mrs. Doubtfire – Das stachelige Kindermädchen, Percy Jackson – Diebe im Olymp Pierce Brosnan
36%
Harry Potter und der Stein der Weisen, Harry Potter und die Kammer des Schreckens Richard Harris
36%
Harry Potter und der Stein der Weisen, Harry Potter und die Kammer des Schreckens Tom Felton
36%
Percy Jackson – Diebe im Olymp Alexandra Daddario
29%
Percy Jackson – Diebe im Olymp Brandon T. Jackson
29%
Kevin – Allein zu Haus, Kevin – Allein in New York Catherine O'Hara
29%
Harry Potter und der Stein der Weisen, Harry Potter und die Kammer des Schreckens Harry Melling
29%
Nine Months Hugh Grant
29%
Seite an Seite Julia Roberts
29%
Harry Potter und der Stein der Weisen, Harry Potter und die Kammer des Schreckens Matthew Lewis
29%
Percy Jackson – Diebe im Olymp, Pixels Sean Bean
29%
Kevin – Allein zu Haus, Kevin – Allein in New York Daniel Stern
21%
Seite an Seite Ed Harris
21%
Harry Potter und der Stein der Weisen, Harry Potter und die Kammer des Schreckens, Pixels Fiona Shaw
21%
Kevin – Allein zu Haus, Mama, ich und wir zwei John Candy
21%
Mrs. Doubtfire – Das stachelige Kindermädchen Mara Wilson
21%
Mama, ich und wir zwei Maureen O'Hara
21%
Pixels Peter Dinklage
21%
Harry Potter und der Stein der Weisen, Harry Potter und die Kammer des Schreckens Richard Griffiths
21%
Mrs. Doubtfire – Das stachelige Kindermädchen Sally Field
21%
Seite an Seite Susan Sarandon
21%
Harry Potter und der Stein der Weisen, Harry Potter und die Kammer des Schreckens Warwick Davis
21%
Harry Potter und die Kammer des Schreckens Jason Isaacs
14%
Harry Potter und der Stein der Weisen, Harry Potter und die Kammer des Schreckens John Cleese
14%
Harry Potter und der Stein der Weisen John Hurt
14%
Nine Months Julianne Moore
14%
The Christmas Chronicles: Teil zwei Kurt Russell
14%
Rent, Percy Jackson – Diebe im Olymp Rosario Dawson
14%
Percy Jackson – Diebe im Olymp Steve Coogan
14%
Percy Jackson – Diebe im Olymp Uma Thurman
14%
Mama, ich und wir zwei Anthony Quinn
7%
Rent Anthony Rapp
7%
Pixels Ashley Benson
7%
Pixels Brian Cox
7%
Percy Jackson – Diebe im Olymp Catherine Keener
7%
Harry Potter und der Stein der Weisen, Harry Potter und die Kammer des Schreckens David Bradley
7%
Die Nacht der Abenteuer Elisabeth Shue
7%
Harry Potter und die Kammer des Schreckens Gemma Jones
7%
The Christmas Chronicles: Teil zwei Goldie Hawn
7%
I Love You, Beth Cooper Hayden Panettiere
7%
Rent Idina Menzel
7%
Nine Months Jeff Goldblum
7%
Rent Jesse L. Martin
7%
Nine Months Joan Cusack
7%
Kevin – Allein zu Haus, Kevin – Allein in New York John Heard
7%
Pixels Josh Gad
7%
The Christmas Chronicles: Teil zwei Julian Dennison
7%
Mama, ich und wir zwei Kevin Dunn
7%
Mrs. Doubtfire – Das stachelige Kindermädchen Lisa Jakub
7%
Pixels Michelle Monaghan
7%
Der 200 Jahre Mann Sam Neill
7%
Harry Potter und die Kammer des Schreckens Toby Jones
7%
The Christmas Chronicles: Teil zwei Tyrese Gibson
7%
Kevin – Allein in New York Brenda Fricker
0%
Pixels Dan Aykroyd
0%
Heartbreak Hotel David Keith
0%
Harry Potter und die Kammer des Schreckens Miriam Margoyles
0%
Kevin – Allein in New York Tim Curry
0%
Heartbreak Hotel Tuesday Weld
0%
Harry Potter und der Stein der Weisen Verne Troyer
0%
Keine übereinstimmenden Quizze gefunden
Verteilung der Resultate
Anzahl Personen mit jedem Resultat
Perzentil nach korrekt beantworteten Fragen
Ihre Resultats-Entwicklung
Sie haben dieses Quiz noch nicht gespielt